000 00788nam a2200253 i 4500
001 12358
003 ES-MaACL
005 20230906150309.0
007 t|
008 921005s1989 sp ||||0| spa d
016 7 _zCEN920051465
020 _a84-87137-15-6
040 _aCEN
_bspa
_cCEN
080 _a860-31"19"
100 1 _aArmas Marcelo, J. J.
_922929
245 1 3 _aEl árbol del bien y del mal /
_cJ. J. Armas Marcelo.
260 _a[Las Palmas] :
_bViceconsejería de Cultura y Deportes,
_c1989.
300 _a274 p ;
_c21 cm.
490 1 _aBiblioteca básica canaria ;
_v48
710 1 _aCanarias.
_bViceconsejería de Cultura y Deportes.
_92427
830 0 _aBiblioteca básica canaria ;
_v48
_9177611
852 _aES-MaACL
_jL-19790
_bR.122324
999 _c12358
_d12358